000 00225nam a22000857a 4500
008 160715b xxu||||| |||| 00| 0 eng d
100 _92892
_a Sueltz, A.F
245 _aWhen the Wood is Green
260 _aLondon
_b Harper & Row
_c1973
999 _c2458
_d2458